| 000 | 00584nam a2200241Ia 4500 | ||
|---|---|---|---|
| 003 | OSt | ||
| 005 | 20221006144649.0 | ||
| 006 | a|||||r|||| 00| 0 | ||
| 007 | ta | ||
| 008 | 221006b |||||||| |||| 00| 0 eng d | ||
| 020 |
_c _5.00 |
||
| 024 | _a12,305 | ||
| 037 | _cTextual | ||
| 040 |
_aEASL _cEASL _beng |
||
| 041 |
_2eng _aeng |
||
| 082 | _aV41.N3, H1 | ||
| 100 | _aSNOW Edgar | ||
| 245 | 0 | _aBattle for asia | |
| 260 |
_aNew York _bWorld Pub. _c1941 |
||
| 300 |
_a431p. _ccm. |
||
| 942 |
_hV41.N3, H1 _cTEXL _2CC |
||
| 999 |
_c1080391 _d1080391 |
||